[Event "Buenos Aires Ponzo Cup 15th"]
[Site "Buenos Aires"]
[Date "2018.07.29"]
[Round "6.8"]
[White "Gawel, Alfredo Juan"]
[Black "Rodriguez Pinto, Bruno"]
[Result "1-0"]
[WhiteElo "1669"]
[BlackElo "1589"]
[PlyCount "33"]
[EventDate "2018.07.20"]
[EventType "swiss"]
[EventRounds "6"]
[EventCountry "ARG"]
[SourceTitle "EXT 2024"]
[Source "ChessBase"]
[SourceDate "2023.10.10"]
[SourceVersion "1"]
[SourceVersionDate "2023.10.10"]
[SourceQuality "1"]

1. e4 e5 2. Nf3 Nc6 3. Bc4 Nf6 4. 0-0 Bc5 5. d3 h6 6. Be3 Bb6 7. a3 0-0 8. Nbd2 d6 9. h3 Be6 10. Nh2 Qd7 11. Ndf3 Nd4 12. c3 Bxc4 13. cxd4 exd4 14. Nxd4 Be6 15. Qf3 d5 16. Nf5 dxe4 17. Nxh6+ 1-0

[Event "Monte Grande FASGBA-ch"]
[Site "Monte Grande"]
[Date "2018.03.10"]
[Round "5.14"]
[White "Gawel, Alfredo Juan"]
[Black "D'Adamo, Claudio"]
[Result "0-1"]
[WhiteElo "1756"]
[BlackElo "1873"]
[PlyCount "104"]
[EventDate "2018.03.03"]
[EventType "swiss"]
[EventRounds "6"]
[EventCountry "ARG"]
[SourceTitle "EXT 2024"]
[Source "ChessBase"]
[SourceDate "2023.10.10"]
[SourceVersion "1"]
[SourceVersionDate "2023.10.10"]
[SourceQuality "1"]

1. e4 e6 2. Bc4 d5 3. exd5 exd5 4. Qe2+ Ne7 5. Bb3 c6 6. Nf3 Be6 7. Nd4 Qd7 8. Nxe6 Qxe6 9. Qxe6 fxe6 10. c4 Nd7 11. cxd5 exd5 12. d4 0-0-0 13. Bc2 g6 14. Bg5 Re8 15. 0-0 Nf5 16. Bxf5 gxf5 17. Nd2 Bb4 18. Nb3 Rhg8 19. Bf4 Re4 20. Be3 f4 21. Nd2 Bxd2 22. Bxd2 Rxd4 23. Bc3 Re4 24. f3 Re2 25. Rf2 Re7 26. Kf1 b6 27. Re1 Rge8 28. Rxe7 Rxe7 29. Re2 Rxe2 30. Kxe2 Nc5 31. b3 Ne6 32. Be5 c5 33. g3 fxg3 34. hxg3 a6 35. f4 Kd7 36. Kd3 b5 37. f5 Ng5 38. g4 Ke7 39. Ke3 Nf7 40. Bb2 Kd6 41. Kf4 d4 42. g5 Ke7 43. b4 d3 44. Bc3 c4 45. g6 hxg6 46. fxg6 Nd8 47. Kg5 Kf8 48. Kf6 Kg8 49. Ke7 Nc6+ 50. Kd6 Nd4 51. Kc5 Ne2 52. Be1 c3 0-1

[Event "Monte Grande FASGBA-ch"]
[Site "Monte Grande"]
[Date "2018.03.04"]
[Round "3.14"]
[White "Pellizzari, Melanie"]
[Black "Gawel, Alfredo Juan"]
[Result "0-1"]
[WhiteElo "1650"]
[BlackElo "1756"]
[PlyCount "94"]
[EventDate "2018.03.03"]
[EventType "swiss"]
[EventRounds "6"]
[EventCountry "ARG"]
[SourceTitle "EXT 2024"]
[Source "ChessBase"]
[SourceDate "2023.10.10"]
[SourceVersion "1"]
[SourceVersionDate "2023.10.10"]
[SourceQuality "1"]

1. d4 Nf6 2. c4 e5 3. d5 Bc5 4. Nc3 0-0 5. e4 d6 6. Bg5 Bxf2+ 7. Kxf2 Ng4+ 8. Qxg4 f6 9. Qg3 fxg5+ 10. Ke3 g4 11. h4 Qf6 12. Nge2 Qh6+ 13. Kd3 Na6 14. Qe3 Nb4+ 15. Kd2 Qxe3+ 16. Kxe3 Nc2+ 17. Kd2 Nxa1 18. Kc1 Bd7 19. Kb1 Rf2 20. Nd1 Rf6 21. Kxa1 b5 22. Nec3 b4 23. Nb5 c6 24. dxc6 Bxc6 25. Nc7 Raf8 26. Bd3 R8f7 27. Nd5 Bxd5 28. exd5 a5 29. b3 h5 30. Kb2 g6 31. a3 Kg7 32. Re1 Rf4 33. axb4 axb4 34. c5 Rd4 35. Bc4 dxc5 36. Rxe5 Rxd1 37. Re2 g3 38. d6 Rf2 39. Kc2 Rxd6 40. Rxf2 gxf2 41. Bf1 Kf6 42. g3 Ke5 43. Bg2 Rd4 44. Bf1 Ke4 45. Bg2+ Ke3 46. g4 Kf4 47. gxh5 gxh5 0-1

[Event "Monte Grande FASGBA-ch"]
[Site "Monte Grande"]
[Date "2018.03.03"]
[Round "1.5"]
[White "Dellepiani, Fernando"]
[Black "Gawel, Alfredo Juan"]
[Result "1-0"]
[WhiteElo "2071"]
[BlackElo "1756"]
[PlyCount "47"]
[EventDate "2018.03.03"]
[EventType "swiss"]
[EventRounds "6"]
[EventCountry "ARG"]
[SourceTitle "EXT 2024"]
[Source "ChessBase"]
[SourceDate "2023.10.10"]
[SourceVersion "1"]
[SourceVersionDate "2023.10.10"]
[SourceQuality "1"]

1. d4 Nf6 2. Nf3 d5 3. c4 e6 4. g3 c5 5. cxd5 Nxd5 6. Bg2 Nc6 7. 0-0 Be7 8. Nc3 0-0 9. Nxd5 exd5 10. Be3 c4 11. b3 b5 12. a4 Ba6 13. axb5 Bxb5 14. bxc4 Bxc4 15. Nd2 Bb5 16. Qb3 Bxe2 17. Rfe1 Rb8 18. Qxd5 Bb5 19. Qxd8 Rfxd8 20. d5 Nb4 21. Rxa7 Nd3 22. Rb1 Bc5 23. Bxc5 Nxc5 24. Ra5 1-0

[Event "Monte Grande Fasgba U1750 14th"]
[Site "Monte Grande"]
[Date "2017.06.17"]
[Round "3.2"]
[White "Gawel, Alfredo Juan"]
[Black "Cabrera, Pablo"]
[Result "1-0"]
[WhiteElo "1651"]
[BlackElo "1539"]
[PlyCount "105"]
[EventDate "2017.06.16"]
[EventType "swiss"]
[EventRounds "6"]
[EventCountry "ARG"]
[SourceTitle "EXT 2024"]
[Source "ChessBase"]
[SourceDate "2023.10.10"]
[SourceVersion "1"]
[SourceVersionDate "2023.10.10"]
[SourceQuality "1"]

1. e4 c5 2. Nf3 d6 3. d4 cxd4 4. Nxd4 Nf6 5. Nc3 a6 6. Bg5 e6 7. Bd3 Be7 8. Qe2 b5 9. a3 h6 10. Bh4 Qb6 11. Nb3 Nc6 12. f3 Ne5 13. Bf2 Nxd3+ 14. Qxd3 Qb8 15. 0-0 0-0 16. Ne2 Qc7 17. Rac1 Nd7 18. c4 bxc4 19. Rxc4 Qd8 20. Rfc1 Ne5 21. Qc2 Nxc4 22. Qxc4 Bd7 23. e5 Bb5 24. Qe4 Rc8 25. Rxc8 Qxc8 26. g3 Qc4 27. Nbd4 dxe5 28. Nc6 Bxc6 29. Qxc4 Bxf3 30. Qd3 e4 31. Qc2 Rd8 32. Nc3 Bg5 33. h4 Rd2 34. Qa4 Bf6 35. Be3 Bxc3 36. Bxd2 Bxd2 37. Kf2 a5 38. Qc2 Bb4 39. axb4 axb4 40. Qc8+ Kh7 41. Qf8 b3 42. Qxf7 Bg4 43. Ke3 Bf5 44. Kf4 e3 45. Kxe3 Bc2 46. Kf4 Bf5 47. g4 Bc2 48. Qxe6 Kh8 49. Ke5 Kh7 50. h5 Kh8 51. Kd6 Kh7 52. Ke7 Bd3 53. Kf8 1-0

[Event "ARG-ch sf Amateur 13th"]
[Site "Monte Grande"]
[Date "2016.10.22"]
[Round "4.3"]
[White "Gawel, Alfredo Juan"]
[Black "Koncerewicz, Julio Cesar"]
[Result "0-1"]
[WhiteElo "1676"]
[BlackElo "1897"]
[PlyCount "74"]
[EventDate "2016.10.21"]
[EventType "swiss"]
[EventRounds "6"]
[EventCountry "ARG"]
[SourceTitle "EXT 2024"]
[Source "ChessBase"]
[SourceDate "2023.10.10"]
[SourceVersion "1"]
[SourceVersionDate "2023.10.10"]
[SourceQuality "1"]

1. e4 e5 2. Nf3 f5 3. Nc3 Nf6 4. d3 Bc5 5. Be3 Bxe3 6. fxe3 fxe4 7. dxe4 d6 8. Bc4 Bg4 9. Qd2 Nc6 10. h3 Bh5 11. a3 Qe7 12. Nd5 Nxd5 13. exd5 Bxf3 14. 0-0 Bxg2 15. Qxg2 Nb8 16. Bb5+ Nd7 17. Rf3 Rf8 18. Raf1 Rxf3 19. Rxf3 a6 20. Be2 Nf6 21. Rg3 g6 22. e4 c6 23. dxc6 bxc6 24. Rc3 Kd7 25. Rb3 Kc7 26. a4 Nd7 27. Bg4 Nc5 28. Ra3 a5 29. Qe2 Qg5 30. Rf3 h5 31. Rf7+ Kb6 32. Qc4 hxg4 33. b4 Qe3+ 34. Kf1 Nxa4 35. b5 Nc5 36. bxc6 Qxe4 37. Qxe4 Nxe4 0-1

[Event "Monte Grande Ponzo Cup U2200 12th"]
[Site "Monte Grande"]
[Date "2015.06.20"]
[Round "7.6"]
[White "Gawel, Alfredo Juan"]
[Black "Sica, Mauro"]
[Result "0-1"]
[WhiteElo "1708"]
[BlackElo "2101"]
[PlyCount "48"]
[EventDate "2015.06.13"]
[EventType "swiss"]
[EventRounds "7"]
[EventCountry "ARG"]
[SourceTitle "EXT 2024"]
[Source "ChessBase"]
[SourceDate "2023.10.10"]
[SourceVersion "1"]
[SourceVersionDate "2023.10.10"]
[SourceQuality "1"]

1. e4 c5 2. Nf3 d6 3. d4 cxd4 4. Nxd4 Nf6 5. Nc3 g6 6. Bc4 Bg7 7. h3 0-0 8. g4 Nc6 9. Be3 Qa5 10. 0-0 h5 11. f3 Bd7 12. Nde2 hxg4 13. fxg4 Ne5 14. Bd5 Bc6 15. Nf4 Rae8 16. Nxg6 Nxg6 17. Qf3 Bxd5 18. exd5 Ne5 19. Qg2 Nc4 20. Rae1 Nxe3 21. Rxe3 Qc5 22. Qf3 e6 23. Kg2 Nxd5 24. Ne4 Qxe3 0-1